Piłkarska kariera Grzegorza Krychowiaka. - Statystyki

Ogólne statystyki
  • Ten quiz został rozwiązany 202 razy
    134 od ostatniego zresetowania
  • Średni wynik to 8 z 15
Statystyki odpowiedzi
Lata Drużyna % Poprawnych
2016-2017 PSG
98%
2018-2018 PSG
98%
2019-2019 PSG
98%
2014-2016 Sevilla
88%
2018-2019 Lokomotiv
76%
2019-2021 Lokomotiv
76%
2021-teraz Krasnodar
55%
2017-2018 West Brom
50%
2009-2009 Bordeaux
31%
2011-2011 Bordeaux
31%
2012-2012 Bordeaux
31%
2009-2011 Reims
26%
2012-2014 Reims
26%
2011-2012 Nantes
14%
2008-2009 Bordeaux B
3%
Nie znaleziono quizów pasujących do podanych kryteriów
Rozkład punktacji
Procent ludzi z każdym wynikiem
Percentyl według liczby udzielonych odpowiedzi
Twoja historia wyników
Nie rozwiązałeś tego quizu od ostatniego zresetowania